000 00413nam a2200181Ia 4500
001 3511
005 20260306145649.0
008 260306t2016||||xx |||||||||||||| ||spa||
041 _aESP
082 _a282.8
_bN49S
100 _aNewman, John Henry
_eAUT
245 0 _aSermones católicos
260 _c2016
300 _a137 páginas :
_c19 cm.
650 _aGEN
654 _aCHU
942 _cLIB
_dJUS
_fJUS
_2ddc
_n
999 _c3511
_d3511